The City Makers: (Record no. 187966)

MARC details
000 -LEADER
fixed length control field 00698nam a22001937a 4500
005 - DATE AND TIME OF LATEST TRANSACTION
control field 20220506110814.0
010 ## - LCCN (DPL NO)
LC control number ENG-132534
020 ## - INTERNATIONAL STANDARD BOOK NUMBER
International Standard Book Number 9789389253733
Terms of availability 399.00
035 ## - SYSTEM CONTROL NUMBER
System control number EN-116066
037 ## - SOURCE OF ACQUISITION
Source of stock number/acquisition DBAD/PUB
082 ## - DEWEY DECIMAL CLASSIFICATION NUMBER
Classification number 305.420954091732
100 ## - MAIN ENTRY--PERSONAL NAME
Personal name Jhabvala, Renana
245 ## - TITLE STATEMENT
Title The City Makers:
Remainder of title How Women are Building a Sustainable Future for Urban India/
Statement of responsibility, etc Renana Jhabvala and Bijal Bhahmbhatt
260 ## - PUBLICATION, DISTRIBUTION, ETC. (IMPRINT)
Place of publication, distribution, etc Gurugram
Name of publisher, distributor, etc Hachette Book Publishing India Pvt. Ltd
Date of publication, distribution, etc 2020
270 ## - ADDRESS
Address 4th/5th Floors, Corporate Centre, Plot No. 94, Sector 44
City Gurgram
Postal code 122003
300 ## - PHYSICAL DESCRIPTION
Extent 194p.
Dimensions 20cm(pbk)
700 ## - ADDED ENTRY--PERSONAL NAME
Personal name Brahmbhatt, Bijal
942 ## - ADDED ENTRY ELEMENTS (KOHA)
Source of classification or shelving scheme Dewey Decimal Classification
Item type English Books
Classification part 305.420954091732
Call number suffix JHA
Holdings
Withdrawn status Lost status Not for loan Collection code Home library Current library Date acquired Source of acquisition Cost, normal purchase price Full call number Barcode Copy number Cost, replacement price Koha item type
      Non-fiction Patel Nagar Patel Nagar 06/05/2022 DBAD/PUB 399.00 305.420954091732 JHA EN-116066 1 399.00 English Books

© Delhi Public Library
Hit Counter
free hit counter